[Event "Krapina op 12th"]
[Site "Krapina"]
[Date "2024.01.21"]
[Round "6"]
[White "Golub, Nikolina"]
[Black "Vidic, Zoran"]
[Result "1-0"]
[WhiteElo "1756"]
[BlackElo "1879"]
[PlyCount "111"]
[EventDate "2024.01.19"]
[EventType "swiss"]
[EventRounds "7"]
[EventCountry "CRO"]
[SourceTitle "CB06_2024"]
[SourceDate "2024.02.07"]
[SourceVersion "1"]
[SourceVersionDate "2024.02.07"]
[SourceQuality "1"]

1. d4 d5 2. c4 Nc6 3. Nc3 Nf6 4. Nf3 Bg4 5. e3 e5 6. dxe5 Nxe5 7. cxd5 c6 8. Be2 Nxf3+ 9. Bxf3 Bxf3 10. Qxf3 cxd5 11. a3 Qd7 12. 0-0 0-0-0 13. b4 Qg4 14. Qxg4+ Nxg4 15. Rd1 Nf6 16. Bb2 Be7 17. Nb5 a6 18. Rac1+ Kb8 19. Be5+ Ka8 20. Nc7+ Ka7 21. Bxf6 Bxf6 22. Nxd5 Bb2 23. Rb1 Be5 24. f4 Bb8 25. Kf2 b5 26. e4 Kb7 27. a4 bxa4 28. Ra1 Rhe8 29. Kf3 f6 30. Rxa4 Re6 31. Ra5 Red6 32. b5 f5 33. bxa6+ Ka7 34. Rb1 fxe4+ 35. Kxe4 Rxa6 36. Rxa6+ Kxa6 37. h3 Re8+ 38. Kf3 Rd8 39. g4 Bd6 40. g5 Bf8 41. Nc7+ Ka7 42. Ne6 Re8 43. Nxf8 Rxf8 44. Kg4 Rf7 45. h4 g6 46. Rb4 Ka6 47. h5 Ka5 48. Re4 gxh5+ 49. Kxh5 Kb6 50. g6 Rf5+ 51. Kh6 hxg6 52. Kxg6 Rc5 53. f5 Rc1 54. f6 Rg1+ 55. Kf7 Kc6 56. Ke7 1-0

[Event "EU-ch Amateur U2000"]
[Site "Zagreb"]
[Date "2022.08.18"]
[Round "6"]
[White "Ivekovic, Zvjezdana"]
[Black "Golub, Nikolina"]
[Result "1/2-1/2"]
[WhiteElo "1776"]
[BlackElo "1818"]
[PlyCount "36"]
[EventDate "2022.08.14"]
[EventType "swiss"]
[EventRounds "9"]
[EventCountry "CRO"]
[SourceTitle "CBM 210 Extra"]
[Source "ChessBase"]
[SourceDate "2022.11.30"]
[SourceVersion "1"]
[SourceVersionDate "2022.11.30"]
[SourceQuality "1"]

1. d4 Nf6 2. c4 e6 3. g3 Bb4+ 4. Bd2 Bxd2+ 5. Qxd2 d5 6. Bg2 0-0 7. Nf3 Nbd7 8. 0-0 c6 9. b3 Ne4 10. Qc2 Qc7 11. Nbd2 Nxd2 12. Nxd2 Qb6 13. Nf3 a5 14. Rfd1 a4 15. Ng5 g6 16. h4 axb3 17. Qxb3 Qxb3 18. axb3 Rxa1 1/2-1/2

[Event "CRO-chT (Women) 29th"]
[Site "Mali Losinj"]
[Date "2021.10.02"]
[Round "8.1"]
[White "Njegovanovic Ocelic, Paula"]
[Black "Golub, Nikolina"]
[Result "1/2-1/2"]
[WhiteElo "1703"]
[BlackElo "1883"]
[PlyCount "57"]
[EventDate "2021.09.25"]
[EventType "team-tourn"]
[EventRounds "9"]
[EventCountry "CRO"]
[SourceTitle "CBM 204 Extra"]
[Source "ChessBase"]
[SourceDate "2021.11.30"]
[SourceVersion "1"]
[SourceVersionDate "2021.11.30"]
[SourceQuality "1"]
[WhiteTeam "Velimirovac Radnik (W)"]
[BlackTeam "Rijeka Draga (W)"]
[WhiteTeamCountry "CRO"]
[BlackTeamCountry "CRO"]

1. e4 c5 2. Nf3 d6 3. d4 cxd4 4. Nxd4 Nf6 5. Nc3 a6 6. Bd3 e5 7. Nde2 Be6 8. 0-0 Be7 9. Be3 Ng4 10. Qd2 Nxe3 11. Qxe3 0-0 12. Kh1 Nd7 13. f4 exf4 14. Nxf4 Ne5 15. Ncd5 Bxd5 16. Nxd5 Bg5 17. Qg3 Bh4 18. Qh3 Rc8 19. Rad1 Rc5 20. b4 Rc8 21. c3 Bg5 22. Qg3 Be7 23. Qe3 Re8 24. h3 Bg5 25. Qg3 Re6 26. Qf2 Rh6 27. Be2 Bh4 28. Qf4 Rg6 29. Bh5 1/2-1/2

[Event "CRO-chT (Women) 29th"]
[Site "Mali Losinj"]
[Date "2021.10.01"]
[Round "7.53"]
[White "Bevanda, Ema"]
[Black "Golub, Nikolina"]
[Result "1/2-1/2"]
[WhiteElo "1755"]
[BlackElo "1883"]
[PlyCount "80"]
[EventDate "2021.09.25"]
[EventType "team-tourn"]
[EventRounds "9"]
[EventCountry "CRO"]
[SourceTitle "CBM 204 Extra"]
[Source "ChessBase"]
[SourceDate "2021.11.30"]
[SourceVersion "1"]
[SourceVersionDate "2021.11.30"]
[SourceQuality "1"]
[WhiteTeam "Djurdjevac Picok (W)"]
[BlackTeam "Rijeka Draga (W)"]
[WhiteTeamCountry "CRO"]
[BlackTeamCountry "CRO"]

1. d4 Nf6 2. Bf4 e6 3. e3 b6 4. Nf3 Bb7 5. Bd3 c5 6. c3 Be7 7. h3 0-0 8. 0-0 cxd4 9. exd4 d6 10. Nbd2 a6 11. Re1 Re8 12. Qe2 Nbd7 13. Ng5 Nf8 14. Nge4 Nxe4 15. Nxe4 Ng6 16. Bh2 Qd7 17. Rad1 Qc6 18. f3 d5 19. Nf2 Bd6 20. Bxd6 Qxd6 21. Bb1 b5 22. a3 Bc6 23. Qc2 a5 24. Nd3 f6 25. Qd2 Rab8 26. Nc5 Nf8 27. Re3 Kf7 28. Rde1 Bd7 29. f4 g6 30. Nxd7 Qxd7 31. Bc2 Qd6 32. Qf2 b4 33. axb4 axb4 34. g3 bxc3 35. bxc3 Rec8 36. Ra1 Ra8 37. Qe1 Ra3 38. Qc1 Rca8 39. Rb1 Qc7 40. Bb3 Qd6 1/2-1/2

[Event "CRO-ch U19"]
[Site "Vinkovci"]
[Date "2020.08.01"]
[Round "6"]
[White "Muha, Magdalena"]
[Black "Golub, Nikolina"]
[Result "1-0"]
[WhiteElo "1720"]
[BlackElo "1911"]
[PlyCount "119"]
[EventDate "2020.07.28"]
[EventType "swiss"]
[EventRounds "9"]
[EventCountry "CRO"]
[SourceTitle "EXT 2021"]
[Source "ChessBase"]
[SourceDate "2020.10.23"]
[SourceVersion "1"]
[SourceVersionDate "2020.10.23"]
[SourceQuality "1"]

1. d4 Nf6 2. c4 e6 3. Nf3 Bb4+ 4. Bd2 a5 5. g3 0-0 6. Bg2 d6 7. 0-0 Bxd2 8. Nbxd2 Nbd7 9. e4 e5 10. d5 Nc5 11. Nh4 Bd7 12. Qe2 g6 13. Rae1 Re8 14. f3 Rb8 15. Qf2 Nd3 16. Qe2 Nxe1 17. Qxe1 c6 18. f4 Qb6+ 19. Kh1 exf4 20. Rxf4 Nh5 21. Rf2 Qxb2 22. Qf1 Re7 23. Bf3 Ng7 24. Bg2 Qxa2 25. e5 Qa3 26. Ne4 Ne8 27. e6 Bxe6 28. dxe6 f5 29. Nxf5 gxf5 30. Rxf5 Ng7 31. Rf3 Qb4 32. Nf6+ Kh8 33. Nd5 Nxe6 34. Nxb4 axb4 35. Qa1+ Kg8 36. Qf6 Rbe8 37. Rf5 Ng7 38. Rf1 b3 39. Be4 b2 40. Kg2 Ne6 41. Bb1 Ng7 42. Kh3 Ne6 43. Kg2 Ng7 44. Qh6 Ne6 45. Rf3 Nf8 46. Qg5+ Rg7 47. Qf6 Nd7 48. Qxb2 Ne5 49. Rf4 Rge7 50. Qc2 Ng6 51. Rf2 Re5 52. Qb2 R8e7 53. Qa2 Kg7 54. Qd2 d5 55. cxd5 Rxd5 56. Qb2+ Ne5 57. Ba2 Rb5 58. Qd4 h6 59. Qd8 Ng6 60. Qg8# 1-0

[Event "EU-ch U18 Girls"]
[Site "Bratislava"]
[Date "2019.08.02"]
[Round "1"]
[White "Sliwicka, Alicja"]
[Black "Golub, Nikolina"]
[Result "1-0"]
[WhiteElo "2259"]
[BlackElo "1915"]
[PlyCount "103"]
[EventDate "2019.08.02"]
[EventType "swiss"]
[EventRounds "9"]
[EventCountry "SVK"]
[SourceTitle "CBM 191 Extra"]
[Source "ChessBase"]
[SourceDate "2019.09.30"]
[SourceVersion "1"]
[SourceVersionDate "2019.09.30"]
[SourceQuality "1"]

1. e4 c5 2. Nf3 d6 3. d4 cxd4 4. Nxd4 Nf6 5. f3 a6 6. c4 Nc6 7. Nc3 e6 8. Be2 Be7 9. Be3 0-0 10. 0-0 Qc7 11. Rc1 Rd8 12. Nd5 exd5 13. cxd5 Qb6 14. dxc6 bxc6 15. Nf5 Qb7 16. Nxe7+ Qxe7 17. Rxc6 Bb7 18. Rc3 d5 19. e5 Qxe5 20. Bd4 Qe6 21. Rb3 Bc6 22. Rb6 Rdb8 23. Rxb8+ Rxb8 24. Bxa6 Ra8 25. Bd3 Rxa2 26. Re1 Qd6 27. Qc2 Qb4 28. Qf2 Qd6 29. Be5 Qe7 30. Qh4 h6 31. Bc3 Qa7+ 32. Bd4 Ra4 33. Bxa7 Rxh4 34. g4 d4 35. Rc1 Bd7 36. Bb8 h5 37. Bg3 Rh3 38. g5 h4 39. Bf1 hxg3 40. Bxh3 Bxh3 41. gxf6 gxh2+ 42. Kxh2 Bf5 43. fxg7 Kxg7 44. Kg3 Kf6 45. Kf4 Ke6 46. b4 Bd3 47. Rd1 Bb5 48. Rxd4 f5 49. Rd1 Bc4 50. Re1+ Kf6 51. Re5 Bd3 52. b5 1-0

[Event "CRO-ch U17/U19"]
[Site "Vinkovci"]
[Date "2019.07.26"]
[Round "7"]
[White "Juric, Mia Ivona"]
[Black "Golub, Nikolina"]
[Result "0-1"]
[WhiteElo "1141"]
[BlackElo "1856"]
[PlyCount "34"]
[EventDate "2019.07.22"]
[EventType "swiss"]
[EventRounds "9"]
[EventCountry "CRO"]
[SourceTitle "EXT 2020"]
[Source "ChessBase"]
[SourceDate "2019.10.17"]
[SourceVersion "1"]
[SourceVersionDate "2019.10.17"]
[SourceQuality "1"]

1. e4 c5 2. Nf3 d6 3. c3 Nf6 4. d3 e6 5. Be2 Be7 6. 0-0 Nc6 7. Nbd2 0-0 8. Rb1 d5 9. e5 Nd7 10. c4 Ndxe5 11. cxd5 Qxd5 12. Nxe5 Nxe5 13. Nb3 Rd8 14. f4 Nxd3 15. Bf3 Qd6 16. Be4 c4 17. Na5 Qd4+ 0-1

[Event "Bosnjaci op 24th"]
[Site "Bosnjaci"]
[Date "2019.01.06"]
[Round "5"]
[White "Andrijevic, Milan"]
[Black "Golub, Nikolina"]
[Result "0-1"]
[WhiteElo "2244"]
[BlackElo "1925"]
[PlyCount "52"]
[EventDate "2019.01.03"]
[EventType "swiss"]
[EventRounds "9"]
[EventCountry "CRO"]
[SourceTitle "CBM 188 Extra"]
[Source "ChessBase"]
[SourceDate "2019.02.26"]
[SourceVersion "1"]
[SourceVersionDate "2019.02.26"]
[SourceQuality "1"]

1. e4 e6 2. Nf3 d5 3. exd5 exd5 4. d4 Nf6 5. c4 Bb4+ 6. Nc3 0-0 7. a3 Bxc3+ 8. bxc3 Re8+ 9. Be2 dxc4 10. 0-0 Be6 11. Ne5 Nbd7 12. Nxc4 Nd5 13. Bd2 b5 14. Ne3 a6 15. a4 c6 16. a5 Qc7 17. c4 bxc4 18. Nxc4 Nf4 19. Bxf4 Qxf4 20. g3 Qc7 21. Ne3 Nf6 22. Qa4 Qd6 23. Rac1 Rec8 24. Rfd1 Bd5 25. Nc4 Qe6 26. Bf1 Qe4 0-1

[Event "Zadar op-B 25th"]
[Site "Zadar"]
[Date "2018.12.21"]
[Round "8"]
[White "Takac, Zvonko"]
[Black "Golub, Nikolina"]
[Result "1-0"]
[WhiteElo "2015"]
[BlackElo "1843"]
[PlyCount "105"]
[EventDate "2018.12.15"]
[EventType "swiss"]
[EventRounds "9"]
[EventCountry "CRO"]
[SourceTitle "CBM 188 Extra"]
[Source "ChessBase"]
[SourceDate "2019.02.26"]
[SourceVersion "1"]
[SourceVersionDate "2019.02.26"]
[SourceQuality "1"]

1. d4 Nf6 2. Nf3 e6 3. c4 Bb4+ 4. Nc3 Bxc3+ 5. bxc3 b6 6. e3 Bb7 7. Bd3 0-0 8. Qe2 Be4 9. 0-0 d6 10. Bb2 Nbd7 11. Nd2 Bxd3 12. Qxd3 d5 13. cxd5 exd5 14. f3 Re8 15. e4 dxe4 16. fxe4 Nc5 17. Qf3 Ncxe4 18. Nc4 Qd5 19. Ne5 Nd2 20. Qxd5 Nxd5 21. Rfd1 Ne4 22. c4 Ndc3 23. Re1 f6 24. Nc6 Na4 25. Ba3 Nd6 26. Bxd6 cxd6 27. Rxe8+ Rxe8 28. Nxa7 Nb2 29. Rc1 Nd3 30. Rb1 Ra8 31. Nb5 Rxa2 32. Nxd6 Rc2 33. h3 g6 34. Rxb6 Nf4 35. Kf1 Nxg2 36. c5 Ne3+ 37. Ke1 Nd5 38. Rb8+ Kg7 39. Rb3 Kf8 40. Kd1 Ra2 41. Rb8+ Ke7 42. Rb7+ Ke6 43. Rxh7 Ne3+ 44. Kc1 f5 45. Nb5 Rc2+ 46. Kb1 f4 47. Nc7+ Kf6 48. Nd5+ Nxd5 49. Kxc2 f3 50. Kd2 Nb4 51. Ke3 Nc2+ 52. Kxf3 Nxd4+ 53. Ke4 1-0

[Event "CRO-chT (Women) 27th"]
[Site "Biograd"]
[Date "2018.09.10"]
[Round "4.44"]
[White "Golub, Nikolina"]
[Black "Ivekovic, Zvjezdana"]
[Result "1/2-1/2"]
[WhiteElo "1839"]
[BlackElo "1703"]
[PlyCount "134"]
[EventDate "2018.09.08"]
[EventType "team-tourn"]
[EventRounds "9"]
[EventCountry "CRO"]
[SourceTitle "CBM 186 Extra"]
[Source "ChessBase"]
[SourceDate "2018.08.24"]
[SourceVersion "1"]
[SourceVersionDate "2018.08.24"]
[SourceQuality "1"]
[WhiteTeam "Rijeka Draga (W)"]
[BlackTeam "Djakovo Dama (W)"]
[WhiteTeamCountry "CRO"]
[BlackTeamCountry "CRO"]

1. d4 d5 2. c4 c6 3. Nf3 Nf6 4. e3 e6 5. Nbd2 Bd6 6. Bd3 Nbd7 7. 0-0 0-0 8. Qe2 e5 9. dxe5 Nxe5 10. Nxe5 Bxe5 11. Nf3 Bc7 12. h3 dxc4 13. Bxc4 Bf5 14. Rd1 Qe7 15. b3 Rad8 16. Bb2 Nd5 17. a3 Rfe8 18. Rd2 Nb6 19. Bd3 Be6 20. Qd1 Bd5 21. Rc1 Bd6 22. b4 Nd7 23. e4 Be6 24. e5 Bb8 25. Qc2 h6 26. Be4 Nb6 27. Qc5 Qxc5 28. bxc5 Rxd2 29. Nxd2 Rd8 30. cxb6 Rxd2 31. Bc3 Rd7 32. bxa7 Bxa7 33. Rb1 Bc5 34. a4 Kf8 35. a5 Ke7 36. Bb4 Bxb4 37. Rxb4 Kd8 38. a6 bxa6 39. Bxc6 Rc7 40. Be4 a5 41. Rb8+ Rc8 42. Rb6 Rc4 43. Rb8+ Kc7 44. Rb7+ Kc8 45. Bf3 Rc5 46. Ra7 Rxe5 47. Kh2 Kb8 48. Rb7+ Kc8 49. Ra7 Bb3 50. Ra8+ Kc7 51. Ra7+ Kd6 52. Ra6+ Ke7 53. Bc6 Bc4 54. Ra7+ Kd6 55. Ba4 Rc5 56. f4 Ke6 57. Be8 Kf6 58. h4 Rf5 59. g3 Kg6 60. Bc6 Kf6 61. g4 Rxf4 62. Kg3 Rf1 63. Rxa5 Rg1+ 64. Kf4 Rf1+ 65. Kg3 Be6 66. Bf3 Rg1+ 67. Kf4 Rf1 1/2-1/2

[Event "CRO-chT (Women) 27th"]
[Site "Biograd"]
[Date "2018.09.08"]
[Round "1.44"]
[White "Tomulic, Vesna"]
[Black "Golub, Nikolina"]
[Result "1/2-1/2"]
[WhiteElo "1837"]
[BlackElo "1839"]
[PlyCount "36"]
[EventDate "2018.09.08"]
[EventType "team-tourn"]
[EventRounds "9"]
[EventCountry "CRO"]
[SourceTitle "CBM 186 Extra"]
[Source "ChessBase"]
[SourceDate "2018.08.24"]
[SourceVersion "1"]
[SourceVersionDate "2018.08.24"]
[SourceQuality "1"]
[WhiteTeam "Ravna Gora Goranka (W)"]
[BlackTeam "Rijeka Draga (W)"]
[WhiteTeamCountry "CRO"]
[BlackTeamCountry "CRO"]

1. e4 e6 2. d4 d5 3. Nd2 c5 4. c3 Nc6 5. exd5 Qxd5 6. Ngf3 cxd4 7. Bc4 Qd8 8. Ne4 dxc3 9. Qxd8+ Kxd8 10. Bg5+ f6 11. 0-0-0+ Kc7 12. Be3 cxb2+ 13. Kxb2 b6 14. Nc3 a6 15. Rhe1 Kb7 16. Ne4 Kc7 17. Nc3 Bb4 18. Bf4+ Kb7 1/2-1/2

[Event "EU-ch U18 Girls 28th"]
[Site "Riga"]
[Date "2018.08.23"]
[Round "4"]
[White "Golub, Nikolina"]
[Black "Micoogullari, Lara"]
[Result "1-0"]
[WhiteElo "1957"]
[BlackElo "1688"]
[PlyCount "81"]
[EventDate "2018.08.20"]
[EventType "swiss"]
[EventRounds "9"]
[EventCountry "LAT"]
[SourceTitle "CBM 186 Extra"]
[Source "ChessBase"]
[SourceDate "2018.08.24"]
[SourceVersion "1"]
[SourceVersionDate "2018.08.24"]
[SourceQuality "1"]

1. d4 Nf6 2. c4 g6 3. g3 Bg7 4. Bg2 d6 5. Nc3 c6 6. e4 0-0 7. Nge2 Nbd7 8. 0-0 e5 9. d5 c5 10. b3 Nh5 11. Bf3 Ndf6 12. Bg2 Ng4 13. f3 Nh6 14. Bd2 f5 15. Qc1 f4 16. h3 Nf7 17. g4 Ng5 18. h4 Nh3+ 19. Bxh3 Qxh4 20. Kg2 Ng3 21. Be1 h5 22. Bxg3 fxg3 23. Nxg3 hxg4 24. Bxg4 Bxg4 25. fxg4 Qxg4 26. Rxf8+ Rxf8 27. Qe3 g5 28. Rf1 Rxf1 29. Kxf1 Qh3+ 30. Ke2 g4 31. Nf5 Qh2+ 32. Kd3 Qf4 33. Nxg7 Kxg7 34. Qxf4 exf4 35. Ne2 f3 36. Ng3 Kf6 37. Ke3 Ke5 38. Nf1 a6 39. a4 f2 40. Ng3 a5 41. Nf1 1-0

[Event "EU-ch U18 Girls 28th"]
[Site "Riga"]
[Date "2018.08.22"]
[Round "3"]
[White "Golub, Nikolina"]
[Black "Leczek, Weronika"]
[Result "0-1"]
[WhiteElo "1957"]
[BlackElo "1740"]
[PlyCount "60"]
[EventDate "2018.08.20"]
[EventType "swiss"]
[EventRounds "9"]
[EventCountry "LAT"]
[SourceTitle "CBM 186 Extra"]
[Source "ChessBase"]
[SourceDate "2018.08.24"]
[SourceVersion "1"]
[SourceVersionDate "2018.08.24"]
[SourceQuality "1"]

1. d4 Nf6 2. c4 e6 3. g3 c5 4. Nf3 cxd4 5. Nxd4 Bb4+ 6. Bd2 Qb6 7. Nb5 Ne4 8. e3 Nxd2 9. Nxd2 Qc6 10. Rg1 0-0 11. a3 Be7 12. Bg2 Qb6 13. Qc2 d5 14. Nc3 d4 15. Na4 Qd8 16. exd4 Qxd4 17. Nf3 Qd8 18. Ke2 Bd7 19. Rgd1 Qc7 20. Rac1 Bc6 21. b4 b5 22. Nb2 a5 23. Nd3 bxc4 24. Qxc4 Qb7 25. Bh1 axb4 26. axb4 Bd5 27. Qc7 Ra2+ 28. Nd2 Bxh1 29. Rxh1 Qe4+ 30. Kd1 Qxh1+ 0-1

[Event "EU-ch U18 Girls 28th"]
[Site "Riga"]
[Date "2018.08.20"]
[Round "1"]
[White "Golub, Nikolina"]
[Black "Berdnyk, Mariia"]
[Result "0-1"]
[WhiteElo "1957"]
[BlackElo "2291"]
[PlyCount "88"]
[EventDate "2018.08.20"]
[EventType "swiss"]
[EventRounds "9"]
[EventCountry "LAT"]
[SourceTitle "CBM 186 Extra"]
[Source "ChessBase"]
[SourceDate "2018.08.24"]
[SourceVersion "1"]
[SourceVersionDate "2018.08.24"]
[SourceQuality "1"]

1. d4 Nf6 2. c4 g6 3. Nc3 Bg7 4. e4 d6 5. h3 0-0 6. Nf3 e5 7. dxe5 dxe5 8. Qxd8 Rxd8 9. Bg5 Re8 10. Rd1 Na6 11. Be2 Nc5 12. Bxf6 Bxf6 13. Nd5 Bd8 14. Nc3 f5 15. b4 Nxe4 16. Nxe4 fxe4 17. Nh2 Be7 18. b5 Bb4+ 19. Kf1 h5 20. g4 h4 21. Kg2 a6 22. Rb1 Bc5 23. Rb2 axb5 24. cxb5 Be6 25. f3 e3 26. Bd3 g5 27. Re1 Red8 28. Bb1 Bc4 29. Nf1 Bd4 30. Nxe3 Bxb2 31. Nxc4 Bc3 32. Rc1 Bd2 33. Rd1 Bf4 34. Rxd8+ Rxd8 35. Bc2 Kf8 36. Kf2 Rd4 37. Bb3 e4 38. fxe4 Rd3 39. Kg2 Rg3+ 40. Kf2 Rxh3 41. Bd1 Rh2+ 42. Kf1 Rh1+ 43. Ke2 Rxd1 44. Kxd1 h3 0-1

[Event "CRO-ch (Women)"]
[Site "Zagreb"]
[Date "2018.05.28"]
[Round "8"]
[White "Golub, Nikolina"]
[Black "Muha, Magdalena"]
[Result "1-0"]
[WhiteElo "1906"]
[BlackElo "1621"]
[PlyCount "41"]
[EventDate "2018.05.23"]
[EventType "swiss"]
[EventRounds "9"]
[EventCountry "CRO"]
[SourceTitle "CBM 184 Extra"]
[Source "ChessBase"]
[SourceDate "2018.06.28"]
[SourceVersion "1"]
[SourceVersionDate "2018.06.28"]
[SourceQuality "1"]

1. d4 d5 2. c4 c6 3. Nc3 Nf6 4. Nf3 dxc4 5. a4 Bf5 6. e3 e6 7. Bxc4 Be7 8. 0-0 Nbd7 9. Re1 0-0 10. e4 Bg4 11. h3 Bxf3 12. Qxf3 Nb6 13. Qd3 Nxc4 14. Qxc4 Nd7 15. a5 e5 16. d5 cxd5 17. Nxd5 Nf6 18. Rd1 Rc8 19. Qxc8 Qxc8 20. Nxe7+ Kh8 21. Nxc8 1-0

[Event "CRO-ch (Women)"]
[Site "Zagreb"]
[Date "2018.05.27"]
[Round "6"]
[White "Golub, Nikolina"]
[Black "Vujnovic, Patricija"]
[Result "1/2-1/2"]
[WhiteElo "1906"]
[BlackElo "2110"]
[PlyCount "102"]
[EventDate "2018.05.23"]
[EventType "swiss"]
[EventRounds "9"]
[EventCountry "CRO"]
[SourceTitle "CBM 184 Extra"]
[Source "ChessBase"]
[SourceDate "2018.06.28"]
[SourceVersion "1"]
[SourceVersionDate "2018.06.28"]
[SourceQuality "1"]

1. e4 c6 2. d4 d5 3. Nc3 dxe4 4. Nxe4 Bf5 5. Ng3 Bg6 6. h4 h6 7. h5 Bh7 8. Nf3 Nd7 9. Bd3 Bxd3 10. Qxd3 e6 11. Bf4 Ngf6 12. 0-0-0 Be7 13. Ne4 Nxe4 14. Qxe4 Nf6 15. Qe5 0-0 16. Qc7 Qxc7 17. Bxc7 Rac8 18. Bg3 Ne4 19. Bh4 Bxh4 20. Rxh4 f5 21. Re1 Rfd8 22. Re2 c5 23. dxc5 Rxc5 24. c3 b5 25. Nd2 Nxd2 26. Rxd2 Rxd2 27. Kxd2 e5 28. Ke2 Kf7 29. Rh1 b4 30. cxb4 Rc2+ 31. Ke3 Rxb2 32. Rc1 Rxa2 33. Rc7+ Kf6 34. Rc6+ Kg5 35. Rg6+ Kxh5 36. Rxg7 Ra3+ 37. Ke2 a6 38. f3 f4 39. Re7 Ra2+ 40. Kf1 Kh4 41. Re6 Ra4 42. Rxh6+ Kg5 43. Rc6 Kf5 44. Kf2 Ra2+ 45. Kf1 Ra4 46. Ke1 a5 47. bxa5 Rxa5 48. Kf2 e4 49. fxe4+ Kxe4 50. Rc4+ Kf5 51. Rc8 Ra2+ 1/2-1/2

[Event "CRO-ch (Women)"]
[Site "Zagreb"]
[Date "2018.05.27"]
[Round "7"]
[White "Koksa, Jelena"]
[Black "Golub, Nikolina"]
[Result "1/2-1/2"]
[WhiteElo "1600"]
[BlackElo "1906"]
[PlyCount "69"]
[EventDate "2018.05.23"]
[EventType "swiss"]
[EventRounds "9"]
[EventCountry "CRO"]
[SourceTitle "CBM 184 Extra"]
[Source "ChessBase"]
[SourceDate "2018.06.28"]
[SourceVersion "1"]
[SourceVersionDate "2018.06.28"]
[SourceQuality "1"]

1. e4 e6 2. d4 d5 3. Nd2 c5 4. exd5 exd5 5. Ngf3 Nc6 6. Bb5 Qe7+ 7. Qe2 Qxe2+ 8. Bxe2 Bf5 9. c3 cxd4 10. Nxd4 Nxd4 11. cxd4 a6 12. 0-0 Bd6 13. Re1 Ne7 14. Bf3 0-0 15. Nb1 Nc6 16. Rd1 Nb4 17. Na3 Rfd8 18. Be2 Rac8 19. Be3 Nc2 20. Nxc2 Rxc2 21. Rd2 Rdc8 22. Bf3 Be6 23. a3 b5 24. g3 Bb8 25. Rxc2 Rxc2 26. Rc1 Rxc1+ 27. Bxc1 Kf8 28. b4 Ba7 29. Bb2 Ke7 30. Kf1 Kd6 31. Ke2 Bb6 32. Bc3 Bd8 33. Bg2 g5 34. f3 h5 35. Ke3 1/2-1/2

[Event "CRO-ch (Women)"]
[Site "Zagreb"]
[Date "2018.05.26"]
[Round "4"]
[White "Golub, Nikolina"]
[Black "Bevanda, Ema"]
[Result "1-0"]
[WhiteElo "1906"]
[BlackElo "1471"]
[PlyCount "93"]
[EventDate "2018.05.23"]
[EventType "swiss"]
[EventRounds "9"]
[EventCountry "CRO"]
[SourceTitle "CBM 184 Extra"]
[Source "ChessBase"]
[SourceDate "2018.06.28"]
[SourceVersion "1"]
[SourceVersionDate "2018.06.28"]
[SourceQuality "1"]

1. d4 d5 2. c4 e6 3. g3 Nf6 4. Bg2 Be7 5. Nf3 0-0 6. Qc2 c5 7. cxd5 Nxd5 8. dxc5 Qa5+ 9. Bd2 Qxc5 10. Qxc5 Bxc5 11. a3 a5 12. 0-0 Nc6 13. Nc3 Nxc3 14. Bxc3 Bd7 15. Rac1 Ba7 16. b4 axb4 17. axb4 Rfc8 18. Rfd1 Be8 19. Ng5 h6 20. Ne4 Bb8 21. Be1 Be5 22. Nd6 Bxd6 23. Rxd6 Rd8 24. Rxd8 Rxd8 25. e3 Rb8 26. f4 f5 27. Bc3 Nd8 28. Be5 Ra8 29. Rc7 Nf7 30. Bxb7 Rd8 31. Bd4 Ba4 32. Bc8 Bb3 33. b5 Nd6 34. Bd7 Bd5 35. b6 Rb8 36. Bc6 Bxc6 37. Rxc6 Nb5 38. Be5 Rb7 39. Rxe6 Kf7 40. Rc6 Rd7 41. Rc5 Nd6 42. Bxd6 Rxd6 43. Rxf5+ Ke6 44. Rb5 Rd8 45. e4 Ke7 46. Kf2 Rb8 47. Ke3 1-0

[Event "CRO-chT U20 26th"]
[Site "Sv Filip i Jakov"]
[Date "2018.04.03"]
[Round "2.10"]
[White "Makovec, Bruno"]
[Black "Golub, Nikolina"]
[Result "1-0"]
[WhiteElo "2313"]
[BlackElo "1870"]
[PlyCount "79"]
[EventDate "2018.04.03"]
[EventType "team-swiss"]
[EventRounds "11"]
[EventCountry "CRO"]
[SourceTitle "CBM 184 Extra"]
[Source "ChessBase"]
[SourceDate "2018.06.28"]
[SourceVersion "1"]
[SourceVersionDate "2018.06.28"]
[SourceQuality "1"]

1. d4 Nf6 2. c4 e6 3. Nf3 d5 4. Nc3 Be7 5. Bf4 0-0 6. e3 c5 7. dxc5 Bxc5 8. Qc2 Qa5 9. Rc1 Ne4 10. Bd3 f5 11. 0-0 Nxc3 12. Qxc3 Qxc3 13. Rxc3 dxc4 14. Bxc4 Bb4 15. Rd3 Nc6 16. a3 Be7 17. Rfd1 Kh8 18. b4 a6 19. Ne5 Nxe5 20. Bxe5 b5 21. Bb3 a5 22. Bd6 Bxd6 23. Rxd6 axb4 24. axb4 Re8 25. Rd8 Bb7 26. Rxe8+ Rxe8 27. Bxe6 g6 28. Bd7 Rd8 29. Rd4 Ra8 30. h4 Ra1+ 31. Kh2 Be4 32. Bxb5 Ra2 33. Kg3 h6 34. f3 Bb1 35. Bc6 Ra3 36. Kf4 Ra2 37. b5 Rb2 38. Ke5 Kg7 39. Kd6 Kf7 40. Kc7 1-0

[Event "CRO-chT U16"]
[Site "Nasice"]
[Date "2017.12.29"]
[Round "6"]
[White "Golub, Nikolina"]
[Black "Plazek, Luka"]
[Result "1-0"]
[WhiteElo "1945"]
[BlackElo "1506"]
[PlyCount "107"]
[EventDate "2017.12.27"]
[EventType "team-tourn"]
[EventRounds "7"]
[EventCountry "CRO"]
[SourceTitle "EXT 2019"]
[Source "ChessBase"]
[SourceDate "2018.10.10"]
[SourceVersion "1"]
[SourceVersionDate "2018.10.10"]
[SourceQuality "1"]

1. d4 d5 2. c4 e6 3. g3 Nf6 4. Bg2 dxc4 5. Qa4+ Bd7 6. Qxc4 Bc6 7. Nf3 Nbd7 8. Nbd2 Be7 9. 0-0 0-0 10. Re1 Rb8 11. e4 Nb6 12. Qc2 Be8 13. Nb3 Qc8 14. Bf4 Ra8 15. Rac1 c6 16. Ng5 h6 17. Nf3 Kh8 18. Qd2 Ng8 19. Bh3 Qd8 20. Nc5 Bxc5 21. Rxc5 f5 22. exf5 exf5 23. Rxf5 Bg6 24. Rxf8 Qxf8 25. Ne5 Qf6 26. Kg2 Kh7 27. Nxg6 Qxg6 28. Re6 Qf7 29. Qd3+ Kh8 30. Qe2 Nd5 31. Be5 Ngf6 32. a3 Re8 33. Bxf6 Nxf6 34. Rxe8+ Qxe8 35. Qxe8+ Nxe8 36. Kf3 Nd6 37. Be6 g5 38. Ke3 Kg7 39. g4 Kf6 40. Ba2 b6 41. b4 Nb5 42. a4 Nc3 43. Bb3 Nd5+ 44. Bxd5 cxd5 45. b5 Ke6 46. Kd3 Kf6 47. a5 Kg6 48. axb6 axb6 49. Ke3 Kf6 50. f4 Kg6 51. fxg5 hxg5 52. Kf3 Kf6 53. Kg3 Kg6 54. h4 1-0

[Event "CRO-chT U16"]
[Site "Nasice"]
[Date "2017.12.28"]
[Round "4"]
[White "Golub, Nikolina"]
[Black "Duda, Daniel1111"]
[Result "1-0"]
[WhiteElo "1945"]
[BlackElo "1997"]
[PlyCount "61"]
[EventDate "2017.12.27"]
[EventType "team-tourn"]
[EventRounds "7"]
[EventCountry "CRO"]
[SourceTitle "EXT 2019"]
[Source "ChessBase"]
[SourceDate "2018.10.10"]
[SourceVersion "1"]
[SourceVersionDate "2018.10.10"]
[SourceQuality "1"]

1. d4 d5 2. c4 e6 3. g3 Nf6 4. Bg2 Be7 5. Nf3 0-0 6. 0-0 b6 7. cxd5 exd5 8. Nc3 Bb7 9. Bf4 Nbd7 10. Rc1 c5 11. Qc2 Ne4 12. Rfd1 Ndf6 13. Nxe4 Nxe4 14. Nd2 f5 15. Nxe4 fxe4 16. dxc5 Bxc5 17. Bxe4 Rxf4 18. gxf4 Qh4 19. Bxd5+ Bxd5 20. Rxd5 Qxf2+ 21. Kh1 Qxf4 22. Qc4 Qxc4 23. Rxc4 Rf8 24. b4 Rf1+ 25. Kg2 Rg1+ 26. Kf3 Rf1+ 27. Ke4 Bf8 28. Rf5 Rxf5 29. Kxf5 Bd6 30. Ke6 Bf8 31. e4 1-0